000 03381nam a22002897i 4500
003 URS
003 URS
005 20240416181607.0
008 100407b xxu||||| |||| 00| 0 eng d
040 _aURS
_beng
_erda
041 _aeng
050 0 0 _aHM 621
_b.Im8 2015
245 _aImpact of culture and arts in Angono, Rizal to tourism industry
_cUriel Anjo P. Reyes... [et. al]
264 _c2015
300 _a58 leaves :
_billustrations ;
_c28 cm.
336 _atext
_btxt
_2rdacontent
337 _aunmediated
_bn
_2rdamedia
338 _avolume
_bnc
_2rdacarrier
502 _bThesis (Bachelor of Technology major in Hotel and Restaurant Management) -- University of Rizal System-Morong.
520 _aEXECUTIVE SUMMARY: This study was mainly concerned with the impact of culture and arts in Angono, Rizal to tourism industry during the school year 2014-2015. The researchers conducted this study to find out the impact of culture and arts in Angono, Rizal to tourism industry in terms of age, sex, educational attainment, monthly family income and status of employment with respect to festivities, natural attraction, food and beverage establishments, art galleries, parks and resorts/casino. The researchers conducted an interview using the questionnaire checklist to find out the impact of culture and arts in Angono, Rizal to tourism industry. The statistical treatments used were frequency, percentage, rank and distribution, weighted mean and One Way ANOVA. Based on the profile of respondents, age got the highest frequency of 24 with 24.0%, in sex male got the highest frequency of 54 with 54.0%, in educational attainment undergraduate got the highest frequency of 54 with 54.0%, in monthly family income 5,000 below got the highest frequency of 36 with 36.0%, in status of employment employed got the highest frequency of 64 with 64.0%. The weighted mean and verbal interpretation of the impact and culture and arts in Angono, Rizal to tourism industry with respect to festivities (4.11), natural attraction (3.92), art galleries (3.92), parks (4.12), resorts/casino (4.08) got the same verbal interpretation of very good. On the other hand, food and beverage establishments got (3.42) and verbally interpreted as good. The impact of culture and arts in Angono, Rizal to tourism industry in terms of age, sex, monthly family income, status of employment with regards to festivities, natural attraction, art galleries, parks and resorts/casino found not significantly related to the impact of culture and arts since it significant exceeded at .05 level of significance, on the other hand food and beverage establishments got .31 in terms of age and is lower than .05 level of significance, it means it has significant difference. Based on the analysis and interpretation pf data gathered, it is recommended that food and beverage establishments must improve the quality of their service. They must also improve they must also improve the taste of the foods that they are offering. Food and beverage establishments must think of new gimmick that keeps pace with trends nowadays.
650 _aCulture.
700 1 _aDel Mundo, Giselle S.
_eauthor
700 1 _aOlea, Angela Sofhia A.
_eauthor
700 1 _aSoriano, Maria Gelaine C.
_eauthor
856 _3Online Request for Student Unpublished Works
_uhttps://forms.gle/7LqvGGkaDrUQqz429
942 _2lcc
_cT
999 _c74888
_d74887